उत्सव-पुरुष : (Record no. 117990)

MARC details
000 -LEADER
fixed length control field 01175nam a22002537a 4500
005 - DATE AND TIME OF LATEST TRANSACTION
control field 20170124103104.0
010 ## - LIBRARY OF CONGRESS CONTROL NUMBER
LC control number B-081981
020 ## - INTERNATIONAL STANDARD BOOK NUMBER
Terms of availability 150.00
International Standard Book Number 8126308362
035 ## - SYSTEM CONTROL NUMBER
System control number B-081981
037 ## - SOURCE OF ACQUISITION
Source of stock number/acquisition Cen Lib/Ret
040 ## - CATALOGING SOURCE
Original cataloging agency DPL
Language of cataloging HN
082 ## - DEWEY DECIMAL CLASSIFICATION NUMBER
Classification number 921
Item number मेहता
100 ## - MAIN ENTRY--PERSONAL NAME
Personal name मेहता, महिमा
9 (RLIN) 77845
245 ## - TITLE STATEMENT
Title उत्सव-पुरुष :
Statement of responsibility, etc महिमा मेहता
Remainder of title श्री नरेश मेहता /
246 ## - VARYING FORM OF TITLE
Title proper/short title Utsav-purush : shri Naresh Mehta /
Remainder of title by Mahima Mehta
260 ## - PUBLICATION, DISTRIBUTION, ETC. (IMPRINT)
Place of publication, distribution, etc नयी दिल्ली
Name of publisher, distributor, etc भारतीय ज्ञानपीठ
Date of publication, distribution, etc 2003
270 ## - ADDRESS
Address 18, इंस्टीट्युशनल एरिया, लोधी रोड
City नयी दिल्ली
Postal code 110003
300 ## - PHYSICAL DESCRIPTION
Extent 175पृ.
Dimensions 21सेमी (सजिल्द)
650 ## - SUBJECT ADDED ENTRY--TOPICAL TERM
Topical term or geographic name as entry element मेहता, नरेश, - 1922-2000
9 (RLIN) 77846
650 ## - SUBJECT ADDED ENTRY--TOPICAL TERM
Topical term or geographic name as entry element लेखक, हिंदी - 20 वीं सदी - जीवनी।
9 (RLIN) 77847
650 ## - SUBJECT ADDED ENTRY--TOPICAL TERM
Topical term or geographic name as entry element Mehatā, Nareśa, -- 1922-2000.
9 (RLIN) 77848
650 ## - SUBJECT ADDED ENTRY--TOPICAL TERM
Topical term or geographic name as entry element Authors, Hindi -- 20th century -- Biography.
9 (RLIN) 25543
942 ## - ADDED ENTRY ELEMENTS (KOHA)
Source of classification or shelving scheme Dewey Decimal Classification
Koha item type Hindi Books
Classification part 921
Call number suffix मेहता
Holdings
Withdrawn status Lost status Damaged status Not for loan Home library Current library Date acquired Source of acquisition Cost, normal purchase price Total Checkouts Full call number Barcode Date last seen Copy number Cost, replacement price Price effective from Koha item type Source of classification or shelving scheme Date checked out
        Central Library Central Library 09/09/2015 Cen Lib/Ret 150.00   921 मेहता B-081981 09/09/2015 1 150.00 09/09/2015 Hindi Books    
        Central Library Central Library 10/10/2016   150.00 1 921 मेहता B-082123 16/06/2021 2 150.00 10/10/2016 Hindi Books Dewey Decimal Classification 07/06/2021
        Central Library Central Library 10/10/2016   150.00 1 921 मेहता B-078857 11/04/2022 3 150.00 10/10/2016 Hindi Books Dewey Decimal Classification 19/03/2022

© Delhi Public Library
Hit Counter
free hit counter